Statistics for Pictures by Letter - P

Click here to take the quiz!

General Stats

  • This quiz has been taken 20,447 times
  • The average score is 12 of 16

Answer Stats

Answer% Correct
Pope
99%
Peace
93%
Panther
90%
Pirate
90%
Pentagon
89%
Pegasus
87%
Pelican
85%
{Puffer}fish
84%
Pomegranate
82%
Peru
71%
Parthenon
69%
Polaroid
69%
Parliament
61%
Piccolo
52%
Plantain
51%
Pagoda
48%

Score Distribution

Percentile by Number Answered

Percent of People with Each Score

Your Score History

You have not taken this quiz